| Tag |
First Indicator |
Second Indicator |
Subfields |
| LEADER |
00000cam a2200000 4500 |
| 001 |
in00000051812 |
| 005 |
20151007074025.0 |
| 008 |
781030s1909 nyua 00010 eng |
| 010 |
|
|
|a 09028790
|
| 035 |
|
|
|a (OCoLC)04330932
|
| 035 |
|
|
|9 AAF0806AM
|
| 040 |
|
|
|a DLC
|c TJC
|d TXA
|d UtOrBLW
|
| 049 |
|
|
|a TXAM
|c [51316]
|
| 050 |
|
0 |
|a QD453
|b .M87
|
| 092 |
|
|
|a 541.3
|b M848p2
|
| 100 |
1 |
|
|a Morgan, J. Livingston R.
|q (John Livingston Rutgers),
|d 1872-
|
| 245 |
1 |
0 |
|a Physical chemistry for electrical engineers /
|c by J. Livingston R. Morgan.
|
| 250 |
|
|
|a 2d ed., rev.
|
| 264 |
|
1 |
|a New York :
|b J. Wiley & sons; [etc., etc.],
|c 1909.
|
| 300 |
|
|
|a x, 249 pages :
|b illustrations ;
|c 19 cm.
|
| 336 |
|
|
|a text
|b txt
|2 rdacontent
|
| 337 |
|
|
|a unmediated
|b n
|2 rdamedia
|
| 338 |
|
|
|a volume
|b nc
|2 rdacarrier
|
| 650 |
|
0 |
|a Chemistry, Physical and theoretical.
|
| 999 |
|
|
|a MARS
|
| 999 |
f |
f |
|s 68bdad93-9b69-39c3-8490-60352c2cf0b1
|i 6eebc956-b3d7-3501-8451-7794837e1825
|t 0
|
| 952 |
f |
f |
|p ric
|a Texas A&M University
|b Rellis Campus
|c Joint Library Facility
|d Remote Storage
|t 0
|e QD453 .M87
|h Library of Congress classification
|i unmediated -- volume
|m A14800935870
|
| 998 |
f |
f |
|a QD453 .M87
|t 0
|l Remote Storage
|